Zwycięzcy pucharu Liechtensteinu - Statystyki

Ogólne statystyki
  • Ten quiz został rozwiązany 9 razy
  • Średni wynik to 2 z 5
Statystyki odpowiedzi
Podpowiedź Klub % Poprawnych
50 Vaduz
100%
11 Balzers
29%
3 Schaan
29%
5 Eschen Mauren
14%
8 Triesen
14%
Nie znaleziono quizów pasujących do podanych kryteriów
Rozkład punktacji
Procent ludzi z każdym wynikiem
Percentyl według liczby udzielonych odpowiedzi
Twoja historia wyników
Nie rozwiązałeś tego quizu